=LDR 00000nam 2200000 4500 =001 INLIS000000000005854 =005 20251029105248 =035 ##$$a 0010-1025000909 =007 ta =008 251029###########################0#ind## =082 ##$$a 302.230958 =084 ##$$a 302.230958 ONN m =100 #$$a Onno W. Purbo =245 1#$$a Membangun Indonesia dengan Tek. Informasi : $b - /$c Onno W. Purbo ; ITB / A13 Indonesia =260 ##$:$b ITB / A13 Indonesia =300 ##$$a 22 hal : $b ilus ; $c 21 cm =650 #4$$a Keluarga Berencana =710 #$$a ITB / A13 Indonesia =856 ##$$a Perpustakaan Kemendukbangga